Operating Systems: Concept and Design CS-13 (Record no. 7344)

000 -LEADER
fixed length control field 00392nam a2200145Ia 4500
008 - FIXED-LENGTH DATA ELEMENTS--GENERAL INFORMATION
fixed length control field 190920s9999||||xx |||||||||||||| ||und||
020 ## - INTERNATIONAL STANDARD BOOK NUMBER
International Standard Book Number 97800704470004
082 ## - DEWEY DECIMAL CLASSIFICATION NUMBER
Classification number 004
Item number MIL/O
100 ## - MAIN ENTRY--PERSONAL NAME
Personal name Milenkovic, Milan
245 #0 - TITLE STATEMENT
Title Operating Systems: Concept and Design CS-13
250 ## - EDITION STATEMENT
Edition statement 2nd Edition
260 ## - PUBLICATION, DISTRIBUTION, ETC.
Place of publication, distribution, etc. New Delhi
Name of publisher, distributor, etc. Tata McGraw-Hill Publishing Co.
Date of publication, distribution, etc. 2003
300 ## - PHYSICAL DESCRIPTION
Extent 755p.
942 ## - ADDED ENTRY ELEMENTS (KOHA)
Koha item type Book
952 ## - LOCATION AND ITEM INFORMATION (KOHA)
Lost status
Holdings
Withdrawn status Collection code Permanent Location Current Location Cost, normal purchase price Full call number Accession no. Koha item type
  School of Data Science (Noida) MUIT-NOIDA MUIT-NOIDA 375.00 004 MIL/O DSC00181 Reference Book

All Rights Reserved@MUIT

Powered by Koha